Casa de muñecas / (Registro nro. 12216)

Detalles MARC
000 -LEADER
fixed length control field 00795nam a22002537a 4500
001 - CONTROL NUMBER
control field 020045412
003 - CONTROL NUMBER IDENTIFIER
control field DO-SdBNP
005 - DATE AND TIME OF LATEST TRANSACTION
control field 20180118091923.0
007 - PHYSICAL DESCRIPTION FIXED FIELD--GENERAL INFORMATION
fixed length control field 020045412
008 - FIXED-LENGTH DATA ELEMENTS--GENERAL INFORMATION
fixed length control field 161202b 2000 ck a ||||| |||| 00| 0 spa d
020 ## - INTERNATIONAL STANDARD BOOK NUMBER
International Standard Book Number 9583006696
040 ## - CATALOGING SOURCE
Original cataloging agency BPMSU
Language of cataloging spa
Transcribing agency BPMSU
082 ## - DEWEY DECIMAL CLASSIFICATION NUMBER
Classification number xxxx
Item number xxxx
100 1# - MAIN ENTRY--PERSONAL NAME
Personal name Ibsen, Henrik,
Dates associated with a name 1828-1906.
245 10 - TITLE STATEMENT
Title Casa de muñecas /
Statement of responsibility, etc. Henrik Ibsen ; traducción [y prólogo], Birgitte Bønning.
250 ## - EDITION STATEMENT
Edition statement 3ª reimp.
260 ## - PUBLICATION, DISTRIBUTION, ETC. (IMPRINT)
Place of publication, distribution, etc. Bogotá, Colombia :
Name of publisher, distributor, etc. Panamericana Editorial,
Date of publication, distribution, etc. 2000.
300 ## - PHYSICAL DESCRIPTION
Extent 143 p. ;
Dimensions 21 cm
500 ## - GENERAL NOTE
General note Incluye datos biográficos del autor en la solapa de la cubierta.
700 12 - ADDED ENTRY--PERSONAL NAME
Personal name Bønning, Birgitte,
Relator term tr.
942 ## - ADDED ENTRY ELEMENTS (KOHA)
Source of classification or shelving scheme Dewey Decimal Classification
Koha item type Libros
945 ## - LOCAL PROCESSING INFORMATION (OCLC)
a Inventariado, 2018 /LP
956 ## - LOCAL ELECTRONIC LOCATION AND ACCESS (OCLC)
Host name LOPEREZ
Access number 10
Compression information 20161202
Path 0041
Existencias
Withdrawn status Lost status Source of classification or shelving scheme Damaged status Not for loan Collection code Home library Current library Date acquired Source of acquisition Total Checkouts Full call number Barcode Date last seen Price effective from Koha item type
    Dewey Decimal Classification     Colección Juvenil General Biblioteca Pública Metropolitana Salomé Ureña Biblioteca Pública Metropolitana Salomé Ureña 12/02/2016 FUNDI   xxxx xxxx BPMSU16120033 12/02/2016 12/02/2016 Libros